Most Beautiful Cities In The World - Statistics

General Stats
  • This quiz has been taken 70 times
  • The average score is 38 of 50
Answer Stats
Hint City % Correct
France Paris
98%
Brazil Rio de Janeiro
95%
Italy Rome
93%
Spain Barcelona
92%
Netherlands Amsterdam
90%
Spain Madrid
90%
Japan Tokyo
90%
Czechia Prague
88%
Singapore Singapore
88%
Belgium Brussels
87%
Portugal Lisbon
87%
South Korea Seoul
87%
Australia Sydney
87%
Turkey Istanbul
85%
Italy Milan
85%
Russia Moscow
85%
Austria Vienna
85%
Argentina Buenos Aires
82%
Scotland Edinburgh
82%
Sweden Stockholm
82%
Hungary Budapest
80%
UAE Dubai
80%
Mexico Mexico City
80%
USA New York
80%
Russia Saint Petersburg
80%
Italy Venice
80%
Thailand Bangkok
78%
South Africa Cape Town
78%
Malaysia Kuala Lumpur
78%
Germany Munich
77%
Portugal Porto
77%
Italy Naples
75%
Chile Santiago
75%
Spain Valencia
72%
Greece Athens
70%
France Marseille
68%
Italy Florence
67%
Japan Kyoto
67%
England London
67%
China Beijing
65%
Croatia Dubrovnik
65%
USA San Francisco
65%
Switzerland Zurich
60%
Morocco Marrakech
55%
USA Chicago
52%
Cuba Havana
52%
Uruguay Montevideo
52%
Canada Vancouver
52%
Peru Cusco
30%
Brazil Salvador
27%
No matching quizzes found
Score Distribution
Percent of People with Each Score
Percentile by Number Answered
Your Score History
You have not taken this quiz